Normal view
MARC view
Entry Personal Name
001 - CONTROL NUMBER
- control field: 4134
003 - CONTROL NUMBER IDENTIFIER
- control field: dpl
005 - DATE AND TIME OF LATEST TRANSACTION
- control field: 20100802134041.0
008 - FIXED-LENGTH DATA ELEMENTS
- fixed length control field: 100802|||a|||||| | ||| d
040 ## - CATALOGING SOURCE
- Original cataloging agency: dpl
- Transcribing agency: dpl
100 ## - HEADING--PERSONAL NAME
- Personal name: Desai, Ranjana
670 ## - SOURCE DATA FOUND
- Source citation: Work cat.: (dpl): Healh, famly planning and social welfare / , 2009
670 ## - SOURCE DATA FOUND
- Source citation: Work cat.: (dpl): Healh, famly planning and social welfare / , 2009
